LEADER 00848nas a2200217 i 4500 001 000000235178 003 CaOOAMICUS 005 20141031000000.0 008 141031b1994 it uu u0 0ita r 013 $a214081 040 $aSeMil$bita 245 10$aAnno 1993. 260 $aComo :$bLitotipografia Malinverno,$c1994. 300 $a350 p. :$bill. ;$c25 cm. 773 0 $tRivista Archeologica dell'Antica Provincia e Diocesi di Como.$dComo : Litotipografia Malinverno $x0080-3235$w()2809 774 0 $t[vedi periodico].$w()282275 850 $aSeMil 852 $aSeMil$W1$xVenegono$y1$m38 6 175$j185524$B185524$CSeMilBibl$Z2$F196428 $85 961 $aAbbonamento: Società Archeologica Comense 996 $6245$aAnno 1993$9(OLS)http://semarc/title/335381 996 $6260$aComo :$bLitotipografia Malinverno$9(OLS)http://semarc/publisher/30310 LEADER 00837nam a2200193 i 4500 001 000000010070 003 CaOOAMICUS 005 20180830125440.0 008 180830s1955 it u000 u ita u 040 $aSeMil$bita 100 1 $aLuzzatto, Gino.$0(OLS)http://semarc/name/4924 245 10$aStoria economica dell'età moderna e contemporanea /$cGino Luzzatto. 260 $aPadova :$bCEDAM,$c1955-1960. 300 $a2 v. ;$c25 cm. 650 4$aEconomia - Storia.$0(OLS)http://semarc/subject/1582 774 0 $aLuzzatto, Gino$tEtà moderna.$b4. ed. riveduta.$gParte1$w()118553 774 0 $aLuzzatto, Gino$tEtà contemporanea.$bristampa anastatica della 4. ed.$gParte2$w()118554 996 $6245$aStoria economica dell'età moderna e contemporanea$9(OLS)http://semarc/title/38852 996 $6260$aPadova :$bCEDAM$9(OLS)http://semarc/publisher/30274